Score 0/20 Timer 05:00
1 Play Today
% Correct
Mt. Rushmore of Super Mario (Mario, Luigi, Yoshi & Princess Peach)
99%
Mt. Rushmore of The Beatles (Paul, George, Ringo & John)
96.7%
Mt. Rushmore of Star Wars (Darth Vader, Tarkin, Stormtrooper & Palpatine)
95%
Mt. Rushmore of Disney Villains (Ursula, Jafar, Cruella de Vil & Scar)
93%
Mt. Rushmore of Fast-food Mascots (Ronald, Burger King, Sanders & Big Boy)
93%
Mt. Rushmore of Despicable Me (Bob, Stuart, Kevin & Dave)
89.7%
Mt. Rushmore of South Park (Eric, Stan, Kenny & Kyle)
89%
Mt. Rushmore of TMNT (Leonardo, Raphael, Donatello & Michelangelo)
88.1%
Mt. Rushmore of Kiss (Stanley, Frehley, Criss & Simmons)
86.8%
Mt. Rushmore of Breaking Bad (Walter, Jesse, Hank & Gus)
86.5%
% Correct
Mt. Rushmore of My Little Pony (Apple, Rarity, Twilight & Fluttershy)
86%
Mt. Rushmore of Heroes (Captain America, Superman, Batman & Spider-Man)
85.6%
Mt. Rushmore of Looney Tunes (Bugs, Sylvester, Sam & Daffy)
80.3%
Mt. Rushmore of Communism (Lenin, Mao, Stalin & Marx)
74.8%
Mt. Rushmore of The A-Team (Hannibal, Face, Howling Mad & B.A.)
73.6%
Mt. Rushmore of Pokémon (Team Rocket - Giovanni, Jessie, Meowth & James)
72%
Mt. Rushmore of Los Angeles Lakers (Magic, Kobe, Kareem & Shaquille)
69.4%
Mt. Rushmore of Rap (Jay-Z, Nas, Tupac Shakur & The Notorious B.I.G.)
61.5%
Mt. Rushmore of WWE (Undertaker, Austin, Michaels & Hogan)
57.7%
Mt. Rushmore of Art (Warhol, Kahlo, Haring & Basquiat)
48.6%
Remove Ads.
Support Sporcle.
Get the best of Sporcle when you Go Orange. This ad-free experience offers more features, more stats, and more fun while also helping to support Sporcle. Thank you for becoming a member.

You're not logged in!

Compare scores with friends on all Sporcle quizzes.
OR
Log In

Sporcle TV

Today on Sporcle TV


Watch our educational content, quiz creation guides, and fun videos on Sporcle TV.

Show Comments

Extras

Top Quizzes Today


Score Distribution

Paid Content

Your Account Isn't Verified!

In order to create a playlist on Sporcle, you need to verify the email address you used during registration. Go to your Sporcle Settings to finish the process.

Report this User

Report this user for behavior that violates our Community Guidelines.

Details: